Orígenes de apellidos (parte 3) - Estadísticas

Estadísticas generales
  • Esta prueba ha sido intentada 181 veces
  • La puntuación promedio es 7 de 13
Estadísticas de respuestas
Hint Respuesta % Correcto
Moreau Francés
88%
Alcaraz Castellano
80%
Hakim Árabe
77%
Asbjørnsen Noruego
74%
Freire Gallego
61%
Heikkinen Finés
58%
Guðmundsdóttir Islandés
53%
Kapanadze Georgiano
48%
Cossu Sardo
48%
Artus Bretón
34%
Entezami Persa
31%
Törnquist Sueco
30%
Ahmadzaï Pastún
23%
No se encontraron pruebas coincidentes
Distribución de puntuación
Porcentaje de gente con cada puntuación
Porcentaje por número respondido
Historial de tus puntuaciones
No has intentado esta prueba.